The complete idiot's guide to the perfect resume / (Record no. 134865)

MARC details
000 -LEADER
fixed length control field 00711nam a22002297a 4500
005 - DATE AND TIME OF LATEST TRANSACTION
control field 20170124110236.0
010 ## - LIBRARY OF CONGRESS CONTROL NUMBER
LC control number A-998964
020 ## - INTERNATIONAL STANDARD BOOK NUMBER
Terms of availability 150.00
International Standard Book Number 9788120314016
035 ## - SYSTEM CONTROL NUMBER
System control number A-998964
037 ## - SOURCE OF ACQUISITION
Source of stock number/acquisition Cen Lib/Ret
040 ## - CATALOGING SOURCE
Original cataloging agency DPL
Language of cataloging EN
082 ## - DEWEY DECIMAL CLASSIFICATION NUMBER
Classification number 650.14
Item number IRE
100 ## - MAIN ENTRY--PERSONAL NAME
Personal name Ireland, Susan
9 (RLIN) 42016
245 ## - TITLE STATEMENT
Title The complete idiot's guide to the perfect resume /
Statement of responsibility, etc by Susan Ireland
260 ## - PUBLICATION, DISTRIBUTION, ETC. (IMPRINT)
Place of publication, distribution, etc New Delhi
Name of publisher, distributor, etc Printice-Hall of India
Date of publication, distribution, etc 1996
270 ## - ADDRESS
City New Delhi
Address M-97, Cannaught Circus
Postal code 110001
300 ## - PHYSICAL DESCRIPTION
Extent xiv, 288p. :
Dimensions 30m(pbk)
Other physical details ill.
500 ## - GENERAL NOTE
General note Includes index<br/>
650 ## - SUBJECT ADDED ENTRY--TOPICAL TERM
Topical term or geographic name as entry element Applications for positions
9 (RLIN) 40872
650 ## - SUBJECT ADDED ENTRY--TOPICAL TERM
Topical term or geographic name as entry element Job hunting
9 (RLIN) 40871
942 ## - ADDED ENTRY ELEMENTS (KOHA)
Source of classification or shelving scheme Dewey Decimal Classification
Koha item type English Books
Classification part 650.14
Call number suffix IRE
Holdings
Withdrawn status Lost status Damaged status Not for loan Collection code Home library Current library Date acquired Source of acquisition Cost, normal purchase price Total Checkouts Full call number Barcode Date last seen Copy number Cost, replacement price Price effective from Koha item type
      Not For Loan Reference Central Library Central Library 31/07/2015 Cen Lib/Ret 150.00   650.14 IRE A-998964 31/07/2015 1 150.00 31/07/2015 English Books

© Delhi Public Library
Hit Counter
free hit counter